Capitani delle squadre vincitrici dei Mondiali - Statistics

Statistiche generali
  • Questo quiz è stato fatto 64 volte
  • Il punteggio medio è 10 su 22
Statistiche sulle risposte
Edizione Nazione Capitano % Corretto
2006 Italia Fabio Cannavaro
100%
2022 Argentina Lionel Messi
95%
2010 Spagna Iker Casillas
86%
2018 Francia Hugo Lloris
83%
1986 Argentina Diego Armando Maradona
78%
1982 Italia Dino Zoff
78%
2014 Germania Philipp Lahm
78%
2002 Brasile Cafu
67%
1974 Germania Ovest Franz Beckenbauer
55%
1990 Germania Ovest Lothar Matthäus
47%
1998 Francia Didier Deschamps
45%
1966 Inghilterra Bobby Moore
41%
1938 Italia Giuseppe Meazza
41%
1994 Brasile Dunga
40%
1970 Brasile Carlos Alberto
19%
1978 Argentina Daniel Passarella
17%
1962 Brasile Mauro Ramos
12%
1950 Uruguay Obdulio Varela
7%
1934 Italia Gianpiero Combi
3%
1930 Uruguay José Nasazzi
3%
1954 Germania Ovest Fritz Walter
0%
1958 Brasile Hilderaldo Bellini
0%
Nessun quiz corrispondente trovato
Distribuzione punteggi
Percentuale di utenti per punteggio
Percentile per numero di risposta
I tuoi punteggi nel tempo
Non hai fatto questo quiz